A building craft foundation, NVQ : common core

Bibliographic Details
Main Author: Brett, Peter
Format: Book
Published: England : Stanley Thornes , 1991
Subjects:

MARC

LEADER 00000cam a2200000 7i4500
001 0000002654
002 000002882
005 20000330.0
020 |a 0748711147 
090 0 0 |a 690   |b BRE 
100 1 |a Brett, Peter 
245 1 2 |a A building craft foundation, NVQ :   |b common core   |c Peter Brett 
260 |a England :   |b Stanley Thornes ,   |c 1991 
300 |a 148p. ;   |c 27cm. 
650 0 0 |a Building 
999 |a 036065   |b BUKU   |c PINJAMAN   |e PERPUSTAKAAN KOMUNITI PETALING JAYA